لمحے : افسانچے کا مجموعہ-Lamhae : Afsanchaon ka majmuaa (Record no. 1551917)
[ view plain ]
| 000 -LEADER | |
|---|---|
| fixed length control field | 00932nam a22002537a 4500 |
| 005 - DATE AND TIME OF LATEST TRANSACTION | |
| control field | 20240621165733.0 |
| 008 - FIXED-LENGTH DATA ELEMENTS--GENERAL INFORMATION | |
| fixed length control field | 220906b ii ||||| |||| 00| 0 urd d |
| 020 ## - INTERNATIONAL STANDARD BOOK NUMBER | |
| Price | Rs.107 |
| Book form | hb |
| International Standard Book Number | 9789392496974 |
| 040 ## - CATALOGING SOURCE | |
| Original cataloging agency | NLI |
| Language of cataloging | urd |
| Transcribing agency | Urdu Division |
| 041 0# - LANGUAGE CODE | |
| Language code of text/sound track or separate title | urd |
| 044 ## - COUNTRY OF PUBLISHING/PRODUCING ENTITY CODE | |
| MARC country code | ii |
| 082 04 - DEWEY DECIMAL CLASSIFICATION NUMBER | |
| Edition number | 23rd ed. |
| Classification number | U 891.4393 |
| Book number | Y 223 la |
| 100 1# - MAIN ENTRY--PERSONAL NAME | |
| Linkage | 880-01 |
| Personal name | یاسمین اختر-Yasmine Akhter |
| Fuller form of name | یاسمین اختر-Yasmine Akhter |
| 9 (RLIN) | 987647 |
| 245 10 - TITLE STATEMENT | |
| Linkage | 880-02 |
| Title | لمحے : افسانچے کا مجموعہ-Lamhae : Afsanchaon ka majmuaa |
| Statement of responsibility, etc. | یاسمین اختر-Yasmine Akhter |
| 260 ## - PUBLICATION, DISTRIBUTION, ETC. | |
| Place of publication, distribution, etc. | New Delhi |
| Name of publisher, distributor, etc. | EducationalPublishing House |
| Date of publication, distribution, etc. | 2021 |
| 300 ## - PHYSICAL DESCRIPTION | |
| Extent | 160p; |
| Dimensions | 22cm. |
| 650 #0 - SUBJECT ADDED ENTRY--TOPICAL TERM | |
| Source of heading or term | Urdu Fiction |
| Topical term or geographic name entry element | Lamhae : Afsanchaon ka majmuaa |
| Form subdivision | Domestic Fiction |
| 9 (RLIN) | 1531178 |
| 700 1# - ADDED ENTRY--PERSONAL NAME | |
| Linkage | 880-03 |
| 852 ## - LOCATION | |
| Location | BB |
| 880 1# - ALTERNATE GRAPHIC REPRESENTATION | |
| Linkage | 100-01 |
| a | Yasmine Akhter |
| 880 1# - ALTERNATE GRAPHIC REPRESENTATION | |
| Linkage | 245-02 |
| a | Lamhae : Afsanchaon ka majmuaa |
| b | Urdu Fiction |
| 887 ## - NON-MARC INFORMATION FIELD | |
| Data Entry Operator Name / Verifier Name | Shagufta |
| 942 ## - ADDED ENTRY ELEMENTS (KOHA) | |
| Source of classification or shelving scheme | Dewey Decimal Classification |
| Koha item type | Books |
| Withdrawn status | Lost status | Source of classification or shelving scheme | Damaged status | Not for loan | Collection code | Home library | Current library | Shelving location | Date acquired | Source of acquisition | Full call number | Barcode | Date last seen | Price effective from | Koha item type |
|---|---|---|---|---|---|---|---|---|---|---|---|---|---|---|---|
| Dewey Decimal Classification | Urdu | National Library of India | National Library of India | Urdu - Book - Main Stack Division | 28/06/2022 | DB ACT | U 891.4393 Y 223 la | DBA000022502URD | 06/09/2022 | 06/09/2022 | Books |
